Images for Every Subcategory: Television Quiz Stats

 Plays Quiz Updated Oct 11, 2019

Score 0/19 Timer 08:00
14 Plays Today
Question Answer Wrong Answers
Friends
Which of these locations is the regular hangout for the Friends crew?
Central Perk
91.8%
The Peach Pit
1.4%
Luke's
1.6%
Paddy's
1.3%
The Big Bang Theory
Which of these characters is most associated with the catchphrase of 'Bazinga!?'
Sheldon
91.3%
Leonard
1.4%
Raj
3.4%
Howard
3.2%
Reality Shows
Which of these reality shows is known for having its contestants (usually) circumnavigate the globe?
The Amazing Race
90.9%
Survivor
3.1%
American Ninja Warrior
0.6%
Big Brother
0.6%
Monty Python
Which of these images is from the 'Spanish Inquisition' sketch?
Inquisition
90.2%
Lumberjack
1.7%
Dead Parrot
1.4%
Argument
2.1%
Seinfeld
Which of these stars of Seinfeld later went on to star in Veep?
Elaine
84.4%
Jerry
2.7%
George
5%
Kramer
2.9%
Sherlock
Which of these Marvel superheroes was portrayed by the actor who stars in the BBC version of Sherlock?
Doctor Strange
84.3%
Black Panther
2.9%
Thor
3.7%
Ant-Man
4%
The Office
Which of these items do the titular offices sell in both the US and UK versions of The Office?
Paper
84.1%
Medicine
3%
Car Parts
4%
Computers
3.9%
Cast
Which of these is (part of) the cast photo for NYPD Blue?
NYPD Blue
81.7%
CSI Miami
7.6%
Hill Street Blues
5.9%
NCIS
3.1%
Star Trek
Which of these characters was the doctor of the Enterprise in The Original Series?
Bones
74%
Puppet
2.7%
Uhura
4.7%
Sulu
13%
The Simpsons
Which of these characters is the son of Springfield's chief of police?
Ralph
73.9%
Milhouse
4.3%
Nelson
11.3%
Jimbo
5.2%
TV Show
Which of these shows' title characters worked at a fictional Minneapolis television station?
The Mary Tyler Moore Show
71.8%
The Bob Newhart Show
13.4%
I Love Lucy
6.5%
Get Smart
2.8%
Sitcom
Which of these sitcoms is NOT a spinoff of Happy Days?
Maude
65.4%
Mork & Mindy
16.5%
Joanie Loves Chachi
3.8%
Laverne & Shirley
9%
Network
Which of these networks was the home of Mad Men and Breaking Bad?
AMC
58.2%
TNT
3%
HBO
24.2%
FX
9.9%
Doctor Who
Which of these images is the popular Fourth Doctor from the original run of Doctor Who?
Fourth Doctor
54.9%
Sixth Doctor
14.1%
Fifth Doctor
15.7%
Seventh Doctor
12.9%
Family Guy
Which of these characters is NOT voiced by Seth MacFarlane?
Joe Swanson
52.3%
Peter
6.6%
Brian
12.3%
Quagmire
25.5%
South Park
Which of these characters has an adopted Canadian brother?
Kyle
50.5%
Stan
18.7%
Kenny
14%
Cartman
11.4%
The Walking Dead
Which of these characters was NOT in the original Atlanta crew of survivors?
Michonne
48%
Daryl
13.8%
Shane
19.8%
Glenn
12.6%
Emmy
Which of these series NEVER won the Emmy Award for Outstanding Drama?
The Wire
43.7%
The Sopranos
8.5%
24
37.3%
The West Wing
7.7%
SpongeBob
Which of these objects represents Squidward's home?
Moai
37.9%
Treasure Chest
31.9%
Rock
4.5%
Anchor
20.3%

You're not logged in!

Compare scores with friends on all Sporcle quizzes.
OR
Log In

Sporcle TV

Today on Sporcle TV


Watch our educational content, quiz creation guides, and fun videos on Sporcle TV.

Show Comments

Extras

Top Quizzes Today


Score Distribution

Your Account Isn't Verified!

In order to create a playlist on Sporcle, you need to verify the email address you used during registration. Go to your Sporcle Settings to finish the process.

Report this User

Report this user for behavior that violates our Community Guidelines.

Details: